Mathematical Tables and Other Aids to Computation
محفوظ في:
التنسيق: دورية
اللغة: Undetermined
منشور في:
JSTOR
American Mathematical Society
الموضوعات:
الوصول للمادة أونلاين: Login to view Source
الوسوم: إضافة وسم
لا توجد وسوم, كن أول من يضع وسما على هذه التسجيلة!
رقم الطلب:
| LEADER | 00523nas a2200157Ia 4500 | ||
|---|---|---|---|
| 008 | 220214c99999999xx |||||||||||| ||und|| | ||
| 022 | |a 0891-6837 | ||
| 245 | 0 | 0 | |a Mathematical Tables and Other Aids to Computation |
| 264 | 1 | |b JSTOR | |
| 264 | 1 | |b American Mathematical Society | |
| 362 | 0 | |a Vol. 1(1943)-13 (1959) | |
| 653 | 1 | 0 | |a Science & Mathematics |
| 856 | 4 | 0 | |u https://www.jstor.org/journal/mathtablotheaids |
| 942 | |c JL | ||
| 952 | |0 0 |1 0 |4 0 |7 1 |9 36147 |a JSR |b JSR |d 2022-02-14 |l 0 |r 2022-02-14 00:00:00 |w 2022-02-14 |y JL | ||
| 999 | |c 44480 |d 44480 | ||
